|
|
|
|
| LEADER |
00706nab a2200193 i 4500 |
| 001 |
misc25568 |
| 005 |
20191108150119.0 |
| 008 |
170829s1959 hu o 0|| zxx d |
| 040 |
|
|
|a SZTE Miscellanea Repozitórium
|b hun
|
| 041 |
|
|
|a zxx
|
| 100 |
1 |
|
|a Csillik Bertalan
|
| 245 |
1 |
0 |
|a Beiträge zur funktionellen Morphologie der markhaltigen Nervenfasern
|h [elektronikus dokumentum] /
|c Csillik Bertalan
|
| 260 |
|
|
|c 1959
|
| 300 |
|
|
|a 1-8
|
| 490 |
0 |
|
|a Kolligátum
|
| 695 |
|
|
|a Idegrendszer - anatómia
|
| 700 |
0 |
1 |
|a Sávay Gyula
|e aut
|
| 710 |
|
|
|a Internationales Symposium über den Mechanismus der Erregung (2.) (1958) (Berlin)
|
| 856 |
4 |
0 |
|u http://misc.bibl.u-szeged.hu/25568/1/017_019_001-008.pdf
|z Dokumentum-elérés
|